Vplyv informačných technológií na rozvoj jazykových zručností študentov
Integrácia nových technológií do vzdelávacieho procesu a ich vplyv na kvalitu zručností a vedomostí študentov. Využitie weblogových aplikácií pri skvalitňovaní odbornej jazykovej prípravy absolventov vysokých škôl.
Salvato in:
| Autore principale: | |
|---|---|
| Natura: | Capitolo di libro |
| Lingua: | slovacco |
| Soggetti: | |
| Tags: |
Nessun Tag, puoi essere il primo ad aggiungerne!!
|
MARC
| LEADER | 00000nla a2200000 4500 | ||
|---|---|---|---|
| 001 | 0195662 | ||
| 005 | 20240502083456.3 | ||
| 041 | 0 | |a slo | |
| 044 | |a CZ | ||
| 245 | 1 | 0 | |a Vplyv informačných technológií na rozvoj jazykových zručností študentov |c Jolana Meľsitová |
| 520 | |a Integrácia nových technológií do vzdelávacieho procesu a ich vplyv na kvalitu zručností a vedomostí študentov. Využitie weblogových aplikácií pri skvalitňovaní odbornej jazykovej prípravy absolventov vysokých škôl. | ||
| 610 | 2 | 0 | |a vzdelávanie vysokoškolské |
| 610 | 2 | 0 | |a vzdelávanie elektronické |
| 610 | 2 | 0 | |a jazyky cudzie |
| 610 | 2 | 0 | |a technológie informačné |
| 610 | 2 | 0 | |a technológie komunikačné |
| 100 | 1 | |a Meľsitová, Jolana | |